| 000 | 00604nam a2200217 a 4500 | ||
|---|---|---|---|
| 001 | BRCA_7590 | ||
| 005 | 20190320205913.0 | ||
| 008 | 210613s1963----mx-a######---#000-0#spa-# | ||
| 041 | _aspa | ||
| 044 | _amx | ||
| 050 | 4 |
_aHQ1121 _b.G85 1963 |
|
| 100 | 1 |
_aGuillén Barrios Gómez, Virginia _918725 |
|
| 245 | 1 | 0 |
_aEl sexo débil a través de la historia _cVirginia Guillén Barrios Gómez. |
| 260 |
_aMéxico _bCosta-Amic _c1963 |
||
| 300 |
_a134 p. _bil. _c23 cm. |
||
| 500 | _aS96 | ||
| 650 | 1 | 4 |
_aMujeres _vLiteratura _918726 |
| 650 | 1 | 4 |
_aHumorismo mexicano _912995 |
| 902 | _aGFM | ||
| 942 |
_2lcc _cB |
||
| 999 |
_c7264 _d7264 |
||